LEADER 02171nam a2200421 a 4500 001 000000125879 003 CaOOAMICUS 005 20110706110004.0 008 110706s2007 it a u001 0 ita r 020 $a978-88-89094-30-3 040 $aPUL$bita 041 1 $aita$hlat$alat 082 04$a109.2 100 0 $aThomas Aquinas,$cs.,$dc. 1225-1274.$0(OLS)http://pul/name/3373 240 10$aIn libros De memoria et reminiscentia.$lItaliano e latino.$0(OLS)http://pul/title/158854 245 12$aL'arca della memoria :$bla Sentenza sulla memoria e la reminiscenza di Aristotele /$cTommaso d'Aquino ; traduzione critica con testo a fronte a cura del Progetto-Tommaso sotto la direzione di Gianfranco Binotti e Debora Roncari. 246 30$aLa Sentenza sulla memoria e la reminiscenza di Aristotele 260 $aNapoli :$bE.D.I.,$cİ2007. 300 $a255 p. ;$c19 cm 490 1 $aProgetto-Tommaso ;$v1 504 $aBibliografia in nota. 546 $aTesto latino a fronte. 700 1 $aBinotti, Gianfranco.$0(OLS)http://pul/name/79990 700 1 $aRoncari, Debora.$0(OLS)http://pul/name/79991 700 0 $aAristoteles,$d384-322 a.C.$tDe memoria et reminiscentia.$0(OLS)http://pul/nameTitle/1440$0(OLS)http://pul/name/792$0(OLS)http://pul/title/158853 710 2 $aProgetto Tommaso (Torino).$0(OLS)http://pul/name/79992 830 0$aProgetto-Tommaso ;$v1.$0(OLS)http://pul/title/158857 850 $aPUL 852 $aPUL$W1$xSL Filosofia 3$y81$m109. 2 TOMAQ 1$j144998$qDDC 21$B143999$CPULBib$Z2$F143999 $H117239 $82 900 $aAristotle,$d 384-322 a.C.$9792 900 $aAristotele,$d384-322 a.C.$9792 900 $aTommaso d'Aquino,$cs.,$dc.1225-1274$93373 996 $6020$a978-88-89094-30-3$9(OLS)http://pul/number/147634 996 $6082$a109.2$9(OLS)http://pul/classification/2081 996 $6245$aL'arca della memoria :$bla Sentenza sulla memoria e la reminiscenza di Aristotele$9(OLS)http://pul/title/158855 996 $6246$aLa Sentenza sulla memoria e la reminiscenza di Aristotele$9(OLS)http://pul/title/158856 996 $6260$aNapoli :$bE.D.I.$9(OLS)http://pul/publisher/70549 LEADER 01058nam a2200253 u 4500 001 000000064086 003 CaOOAMICUS 005 20070226121322.0 008 011113s1864 enk u000 u eng u 035 $a10909712 040 $aPUL(R)$bita 100 1 $aKing, Lord.$0(OLS)http://pul/name/43361 240 10$aLettere$9(Locke, John, 1632-1704).$0(OLS)http://pul/title/85412 245 14$aThe life and letters of John Locke : /$cwith extracts from his journals and common-place books ; by Lord King. 250 $aNew Edition. 260 $aLondon :$bBell & Daldy,$c1864. 300 $aviii, 503 p. ;$c20 cm 500 $aContiene indice generale. 600 14$aLocke, John,$d1632-1704.$0(OLS)http://pul/subject/17381 850 $aPUL 852 $aPUL$W1$xDP1 Antico 800$y27$m83 F 4$j83122$nBK-PRI$b $qStampati Antico$B83122$CPULBib$Z2$F83122 $H $81 941 1 $a15 996 $6245$aThe life and letters of John Locke :$9(OLS)http://pul/title/85413 996 $6260$aLondon :$bBell & Daldy$9(OLS)http://pul/publisher/68672